000
00276nam a2200109Ia 4500
008
200302s9999 xx 000 0 und d
100
_a
Jack R. Lewis
245
_a
Architects and Engineers Office Practice Guide
260
_b
Prentice-Hall Inc.,
260
_c
1978
300
_a
246 P.,
999
_c
70
_d
70